000 00272nam a22001217a 4500
008 170512b xxu||||| |||| 00| 0 eng d
041 _aeng
080 _a94
100 _a16
101 _ashh
245 _aTHE RATE OF THE REVULITION
_cLAQUEUR.W
942 _2udc
_cBK
999 _c13296
_d13296